Stolice Europejskie najbardziej oddalone od morza - Statystyki

Ogólne statystyki
  • Ten quiz został rozwiązany 202 razy
  • Średni wynik to 7 z 10
Statystyki odpowiedzi
km Capital % Poprawnych
635 Moskwa
87%
391 Praga
87%
342 Wiedeń
83%
418 Budapeszt
79%
417 Kijów
78%
415 Mińsk
77%
298 Berno
72%
293 Belgrad
63%
307 Madryt
59%
371 Bratisława
5%
Nie znaleziono quizów pasujących do podanych kryteriów
Rozkład punktacji
Procent ludzi z każdym wynikiem
Percentyl według liczby udzielonych odpowiedzi
Twoja historia wyników
Nie rozwiązałeś tego quizu